000 00480nam a22001692 4500
001 0000024649
005 20151217161644.0
008 140123s xx 000 0 eng d
040 _aKABU
_cKABU
100 1 _aMagina, Arnold M.
_@0000185031
245 1 0 _aJudicial enforcement of leadership and integrity :
_bthe case of Kenya /
_cMagina M. Arnold.
260 _c2013.
300 _a52 leaves.
908 _a140123
950 _@1
999 _c15491
_d15491